MARC

LEADER 00000nam0a2200000 4500
001 266272
005 20231101234004.0
035 |a (RuTPU)RU\TPU\book\289291 
090 |a 266272 
100 |a 20140704d1986 km y0rusy50 ca 
101 0 |a rus 
102 |a RU 
105 |a a z 001zy 
200 1 |a Надежность гидравлических систем воздушных судов  |f под ред. Т. М. Башты 
210 |a Москва  |c Транспорт  |d 1986 
215 |a 279 с.  |c ил. 
225 1 |a Надежность и качество : межиздательская серия 
320 |a Библиогр.: с. 276-278. 
606 1 |a Авиационное оборудование  |x Гидравлические устройства  |2 stltpush  |3 (RuTPU)RU\TPU\subj\151  |9 29175 
610 1 |a воздушные суда 
610 1 |a гидравлические системы 
610 1 |a надежность 
610 1 |a функционирование 
610 1 |a анализ 
610 1 |a оценка 
610 1 |a диагностика 
610 1 |a эксплуатация 
610 1 |a методы 
610 1 |a оптимизация 
675 |a 629.73.06  |v 3 
702 1 |a Башта  |b Т. М.  |g Трифон Максимович  |4 340 
801 1 |a RU  |b 63413507  |c 20140704 
801 2 |a RU  |b 63413507  |c 20151019  |g RCR 
942 |c BK